01661nam a22003014a 4500001000400000003000800004005001700012008004100029020001900070040000800089041001300097082001600110100003200126240002100158245007800179260003100257300001100288520074800299650003101047650002501078650002401103655001601127655002001143700003501163942001501198952013301213999001301346506BR-RjBN20260413081245.0000713s2000 spb 000 f por d a 9786587817217 bpor1 aporhger aK11mbAr8331 aKafka, Franz,d1883-19249704aDie Verwandlung.12aA metamorfose /cFranz Kafka ; tradução e posfácio: Modesto Carone. aSão PaulobCamelotc2021 a96p. ; a"Ao acordar, certa manhã, de sonhos inquietos, Gregor Samsa se deu conta de que havia se metamorfoseado num gigantesco inseto. Estava deitado na cama, sobre as costas, que eram tão duras que pareciam uma armadura de metal e, ao levantar um pouco a cabeça, visualizou a barriga marrom e arredondada, dividida em arcos rígidos, sobre a qual a coberta não conseguia permanecer, estando a ponto de escorregar e cair a qualquer momento. Possuía inúmeras pernas, que eram desproporcionalmente finas em relação ao resto do corpo e elas se agitavam desesperadamente diante de seus olhos." Publicada pela primeira vez em 1915, esta narrativa breve e intensa é caracterizada como um dos maiores clássicos da literatura universal.  0aLiteratura austriaca 9135 0aExistencialismo9217 0aAlienação91090 0aRomance923 0aFicção 922 aKataoka, FabioeTRADUTOR91089 2ddcn0cBK 00102ddc40708FICaBIBIBbBIBIBcLEd2026-04-13edoaçãol0p2026-17441r2026-04-13 07:56:58tAr833 / K11mw2026-04-13yBK c506d506